[Event "Ottawa RA March op"]
[Site "Ottawa"]
[Date "2019.03.02"]
[Round "2"]
[White "Tomb, Maroun"]
[Black "Khan, Alexandre"]
[Result "1-0"]
[WhiteElo "2306"]
[BlackElo "1818"]
[PlyCount "71"]
[EventDate "2019.03.01"]
[EventType "swiss"]
[EventRounds "5"]
[EventCountry "CAN"]
[SourceTitle "EXT 2022"]
[Source "ChessBase"]
[SourceDate "2021.10.06"]
[SourceVersion "1"]
[SourceVersionDate "2021.10.06"]
[SourceQuality "1"]

1. e4 c6 2. Nc3 d5 3. Nf3 Bg4 4. h3 Bxf3 5. Qxf3 dxe4 6. Nxe4 e6 7. c3 Nd7 8. d4 Ngf6 9. Bd3 h6 10. 0-0 Nxe4 11. Bxe4 Nf6 12. Bc2 Bd6 13. Re1 Qc7 14. a4 0-0 15. Bxh6 gxh6 16. Qxf6 Bh2+ 17. Kh1 Qf4 18. Qxf4 Bxf4 19. Re4 Bd6 20. Rae1 Rfe8 21. f4 Kg7 22. f5 Kf6 23. g4 Re7 24. Kg2 Rae8 25. fxe6 Rxe6 26. Kf3 Kg5 27. h4+ Kf6 28. a5 c5 29. dxc5 Bxc5 30. Rd1 Rxe4 31. Bxe4 b6 32. a6 Re6 33. b4 Bd6 34. Bf5 Be5 35. Bxe6 fxe6 36. Rd7 1-0